Kavita kavit̲r̲ayattinnuśēṣam. (Record no. 80853)
[ view plain ]
| 000 -LEADER | |
|---|---|
| fixed length control field | 00688cam a22002411 4500 |
| 001 - CONTROL NUMBER | |
| control field | sa 68005657 |
| 003 - CONTROL NUMBER IDENTIFIER | |
| control field | DLC |
| 005 - DATE AND TIME OF LATEST TRANSACTION | |
| control field | 20260227112510.0 |
| 008 - FIXED-LENGTH DATA ELEMENTS--GENERAL INFORMATION | |
| fixed length control field | 890726s1966 ii 000 0 malo |
| 010 ## - LIBRARY OF CONGRESS CONTROL NUMBER | |
| LC control number | sa 68005657 |
| 035 ## - SYSTEM CONTROL NUMBER | |
| System control number | (OCoLC)20074861 |
| 040 ## - CATALOGING SOURCE | |
| Original cataloging agency | DLC |
| Transcribing agency | WaU |
| Modifying agency | DLC |
| 042 ## - AUTHENTICATION CODE | |
| Authentication code | premarc |
| 050 00 - LIBRARY OF CONGRESS CALL NUMBER | |
| Classification number | PL4718.2 |
| Item number | .M4 |
| 100 1# - MAIN ENTRY--PERSONAL NAME | |
| Personal name | Menon, M. S. |
| 245 10 - TITLE STATEMENT | |
| Title | Kavita kavit̲r̲ayattinnuśēṣam. |
| 260 ## - PUBLICATION, DISTRIBUTION, ETC. | |
| Date of publication, distribution, etc. | [1966] |
| 300 ## - PHYSICAL DESCRIPTION | |
| Extent | 241 p. |
| Dimensions | 18 cm. |
| 500 ## - GENERAL NOTE | |
| General note | In Malayalam. |
| 500 ## - GENERAL NOTE | |
| General note | Papers presented at a symposium organized in 1965 by the Kēraḷasāhityasamiti, Tellecherry. |
| 650 #0 - SUBJECT ADDED ENTRY--TOPICAL TERM | |
| Topical term or geographic name entry element | Malayalam poetry. |
| 710 2# - ADDED ENTRY--CORPORATE NAME | |
| Corporate name or jurisdiction name as entry element | Kēraḷasāhityasamiti, Tellicherry. |
No items available.